|
|
|
|
| LEADER |
02529nam a2200421 i 4500 |
| 001 |
31405 |
| 003 |
BD-DhAAL |
| 005 |
20161218145031.0 |
| 008 |
161218t20162016maua b 001 0 eng |
| 010 |
|
|
|a 2014038680
|
| 020 |
|
|
|a 9781292099149
|
| 020 |
|
|
|a 1292099143
|
| 020 |
|
|
|a 9780321929150 (student edition)
|
| 020 |
|
|
|a 0321929152 (student edition)
|
| 020 |
|
|
|a 9780133905571 (instructor's review copy)
|
| 020 |
|
|
|a 0133905578 (instructor's review copy)
|
| 040 |
|
|
|a DNLM/DLC
|c DLC
|e rda
|d DLC
|d BD-DhAAL
|
| 050 |
0 |
0 |
|a QR41.2
|b .T67 2016
|
| 082 |
0 |
0 |
|a 579
|2 23
|
| 100 |
1 |
|
|a Tortora, Gerard J.,
|e author.
|9 20832
|
| 245 |
1 |
0 |
|a Microbiology :
|b an introduction /
|c Gerard J. Tortora, Bergen Community College, Berdell R. Funke, North Dakota State University, Christine L. Case, Skyline College.
|
| 250 |
|
|
|a Twelfth edition.
|
| 264 |
|
1 |
|a Boston :
|b Pearson,
|c 2016
|
| 300 |
|
|
|a 955 pages :
|b color illustrations ;
|c 29 cm.
|
| 504 |
|
|
|a Includes bibliographical references and index.
|
| 526 |
|
|
|a MNS
|
| 541 |
|
|
|e 31405, 31406, 31407, 31408
|
| 650 |
1 |
2 |
|a Microbiology.
|9 20833
|
| 700 |
1 |
|
|a Funke, Berdell R.,
|e author.
|9 20834
|
| 700 |
1 |
|
|a Case, Christine L.,
|d 1948- ,
|e author.
|9 20835
|
| 942 |
|
|
|2 ddc
|c BK
|
| 999 |
|
|
|c 37864
|d 37864
|
| 952 |
|
|
|0 0
|1 0
|2 ddc
|4 0
|6 579_000000000000000_TOR
|7 0
|9 59711
|a BRACUL
|b BRACUL
|c GEN
|d 2016-10-01
|e STS International
|g 5500.00
|l 33
|m 262
|o 579 TOR
|p 3010031405
|q 2026-05-19
|r 2025-10-19
|s 2025-10-19
|t 1
|v 5500.00
|w 2016-10-01
|y BK
|
| 952 |
|
|
|0 0
|1 0
|2 ddc
|4 0
|6 579_000000000000000_TOR
|7 0
|9 59712
|a BRACUL
|b BRACUL
|c GEN
|d 2016-10-01
|e STS International
|g 5500.00
|l 32
|m 268
|o 579 TOR
|p 3010031408
|q 2026-04-07
|r 2025-07-02
|s 2025-07-02
|t 4
|v 5500.00
|w 2016-10-01
|y BK
|
| 952 |
|
|
|0 0
|1 0
|2 ddc
|4 0
|6 579_000000000000000_TOR
|7 0
|9 59713
|a BRACUL
|b BRACUL
|c GEN
|d 2016-10-01
|e STS International
|g 5500.00
|l 33
|m 273
|o 579 TOR
|p 3010031407
|r 2026-04-30
|s 2026-04-09
|t 3
|v 5500.00
|w 2016-10-01
|y BK
|
| 952 |
|
|
|0 0
|1 0
|2 ddc
|4 0
|6 579_000000000000000_TOR
|7 0
|9 59714
|a BRACUL
|b BRACUL
|c GEN
|d 2016-10-01
|e STS International
|g 5500.00
|l 46
|m 263
|o 579 TOR
|p 3010031406
|r 2026-04-20
|s 2026-04-13
|t 2
|v 5500.00
|w 2016-10-01
|y BK
|
| 952 |
|
|
|0 0
|1 0
|2 ddc
|4 0
|6 579_000000000000000_TOR
|7 0
|9 62923
|a BRACUL
|b BRACUL
|c GEN
|d 2018-03-18
|e STS International
|g 5900.00
|l 30
|m 197
|o 579 TOR
|p 3010032816
|q 2026-06-02
|r 2026-02-26
|s 2026-02-26
|t 5
|v 5900.00
|w 2018-03-18
|y BK
|
| 952 |
|
|
|0 0
|1 0
|2 ddc
|4 0
|6 579_000000000000000_TOR
|7 0
|9 62924
|a BRACUL
|b BRACUL
|c GEN
|d 2018-03-18
|e STS International
|g 5900.00
|l 30
|m 197
|o 579 TOR
|p 3010032817
|q 2026-06-02
|r 2026-02-03
|s 2026-02-03
|t 6
|v 5900.00
|w 2018-03-18
|y BK
|